<?xml version="1.0" encoding="UTF-8"?>
<collection xmlns="http://www.loc.gov/MARC21/slim">
 <record>
  <leader>04094cam a2200901   4500</leader>
  <controlfield tag="001">1106840879</controlfield>
  <controlfield tag="003">DE-627</controlfield>
  <controlfield tag="005">20240831112836.0</controlfield>
  <controlfield tag="007">tu</controlfield>
  <controlfield tag="008">940114s1981    gw |||||      00| ||ger c</controlfield>
  <datafield tag="015" ind1=" " ind2=" ">
   <subfield code="a">81,B16,0398</subfield>
   <subfield code="2">dnb</subfield>
  </datafield>
  <datafield tag="016" ind1="7" ind2=" ">
   <subfield code="a">810631342</subfield>
   <subfield code="2">DE-101</subfield>
  </datafield>
  <datafield tag="020" ind1=" " ind2=" ">
   <subfield code="a">3879691622</subfield>
   <subfield code="9">3-87969-162-2</subfield>
  </datafield>
  <datafield tag="035" ind1=" " ind2=" ">
   <subfield code="a">(DE-627)1106840879</subfield>
  </datafield>
  <datafield tag="035" ind1=" " ind2=" ">
   <subfield code="a">(DE-576)036840874</subfield>
  </datafield>
  <datafield tag="035" ind1=" " ind2=" ">
   <subfield code="a">(DE-599)BSZ036840874</subfield>
  </datafield>
  <datafield tag="035" ind1=" " ind2=" ">
   <subfield code="a">(OCoLC)7806902</subfield>
  </datafield>
  <datafield tag="035" ind1=" " ind2=" ">
   <subfield code="a">(OCoLC)07806902</subfield>
  </datafield>
  <datafield tag="035" ind1=" " ind2=" ">
   <subfield code="a">(OCoLC)604076979</subfield>
  </datafield>
  <datafield tag="035" ind1=" " ind2=" ">
   <subfield code="a">(DE-604)8010147799</subfield>
  </datafield>
  <datafield tag="040" ind1=" " ind2=" ">
   <subfield code="a">DE-627</subfield>
   <subfield code="b">ger</subfield>
   <subfield code="c">DE-627</subfield>
   <subfield code="e">rakwb</subfield>
  </datafield>
  <datafield tag="041" ind1=" " ind2=" ">
   <subfield code="a">ger</subfield>
  </datafield>
  <datafield tag="044" ind1=" " ind2=" ">
   <subfield code="c">XA-DE</subfield>
  </datafield>
  <datafield tag="050" ind1=" " ind2="0">
   <subfield code="a">N6888.R747</subfield>
  </datafield>
  <datafield tag="082" ind1="0" ind2=" ">
   <subfield code="a">759.3</subfield>
  </datafield>
  <datafield tag="084" ind1=" " ind2=" ">
   <subfield code="a">12a</subfield>
   <subfield code="2">sdnb</subfield>
  </datafield>
  <datafield tag="084" ind1=" " ind2=" ">
   <subfield code="a">9,10</subfield>
   <subfield code="2">ssgn</subfield>
  </datafield>
  <datafield tag="084" ind1=" " ind2=" ">
   <subfield code="a">LI 76850</subfield>
   <subfield code="2">rvk</subfield>
   <subfield code="0">(DE-625)rvk/97001:</subfield>
  </datafield>
  <datafield tag="084" ind1=" " ind2=" ">
   <subfield code="a">20.21</subfield>
   <subfield code="2">bkl</subfield>
  </datafield>
  <datafield tag="084" ind1=" " ind2=" ">
   <subfield code="a">20.31</subfield>
   <subfield code="2">bkl</subfield>
  </datafield>
  <datafield tag="100" ind1="1" ind2=" ">
   <subfield code="a">Möseneder, Karl</subfield>
   <subfield code="d">1949-</subfield>
   <subfield code="0">(DE-588)131650335</subfield>
   <subfield code="0">(DE-627)512043507</subfield>
   <subfield code="0">(DE-576)162266251</subfield>
   <subfield code="4">aut</subfield>
  </datafield>
  <datafield tag="245" ind1="1" ind2="0">
   <subfield code="a">Philipp Otto Runge und Jakob Böhme</subfield>
   <subfield code="b">über Runges &quot;Quelle und Dichter&quot; und den &quot;Kleinen Morgen. Mit einem Exkurs über ein Palmenemblem</subfield>
   <subfield code="c">Karl Möseneder</subfield>
  </datafield>
  <datafield tag="264" ind1=" " ind2="1">
   <subfield code="a">Marburg/Lahn</subfield>
   <subfield code="b">J.G. Herder-Inst.</subfield>
   <subfield code="c">1981</subfield>
  </datafield>
  <datafield tag="300" ind1=" " ind2=" ">
   <subfield code="a">101 S.</subfield>
   <subfield code="b">zahlr.Ill.</subfield>
  </datafield>
  <datafield tag="336" ind1=" " ind2=" ">
   <subfield code="a">Text</subfield>
   <subfield code="b">txt</subfield>
   <subfield code="2">rdacontent</subfield>
  </datafield>
  <datafield tag="337" ind1=" " ind2=" ">
   <subfield code="a">ohne Hilfsmittel zu benutzen</subfield>
   <subfield code="b">n</subfield>
   <subfield code="2">rdamedia</subfield>
  </datafield>
  <datafield tag="338" ind1=" " ind2=" ">
   <subfield code="a">Band</subfield>
   <subfield code="b">nc</subfield>
   <subfield code="2">rdacarrier</subfield>
  </datafield>
  <datafield tag="490" ind1="1" ind2=" ">
   <subfield code="a">Marburger Ostforschungen</subfield>
   <subfield code="v">38</subfield>
  </datafield>
  <datafield tag="500" ind1=" " ind2=" ">
   <subfield code="a">Literaturverz. S. 88 - 91</subfield>
  </datafield>
  <datafield tag="583" ind1="1" ind2=" ">
   <subfield code="a">Massenentsäuerung nicht möglich</subfield>
   <subfield code="2">pdager</subfield>
   <subfield code="5">DE-18</subfield>
  </datafield>
  <datafield tag="583" ind1="1" ind2=" ">
   <subfield code="a">Archivierung/Langzeitarchivierung gewährleistet</subfield>
   <subfield code="f">SSG</subfield>
   <subfield code="x">XA-DE-BW</subfield>
   <subfield code="2">pdager</subfield>
   <subfield code="5">DE-16</subfield>
  </datafield>
  <datafield tag="583" ind1="1" ind2=" ">
   <subfield code="a">Archivierung prüfen</subfield>
   <subfield code="c">20240324</subfield>
   <subfield code="f">DE-4165</subfield>
   <subfield code="z">3</subfield>
   <subfield code="2">pdager</subfield>
  </datafield>
  <datafield tag="600" ind1="1" ind2="0">
   <subfield code="a">Runge, Philipp Otto</subfield>
   <subfield code="d">1777-1810</subfield>
  </datafield>
  <datafield tag="600" ind1="1" ind2="0">
   <subfield code="a">Böhme, Jakob</subfield>
   <subfield code="d">1575-1624</subfield>
   <subfield code="x">Influence</subfield>
  </datafield>
  <datafield tag="600" ind1="1" ind2="0">
   <subfield code="a">Runge, Philipp Otto</subfield>
   <subfield code="d">1777-1810</subfield>
   <subfield code="t">Source and poet</subfield>
  </datafield>
  <datafield tag="600" ind1="1" ind2="0">
   <subfield code="a">Runge, Philipp Otto</subfield>
   <subfield code="d">1777-1810</subfield>
   <subfield code="t">Small morning</subfield>
  </datafield>
  <datafield tag="650" ind1=" " ind2="0">
   <subfield code="a">Romanticism in art</subfield>
  </datafield>
  <datafield tag="689" ind1="0" ind2="0">
   <subfield code="d">p</subfield>
   <subfield code="0">(DE-588)118604155</subfield>
   <subfield code="0">(DE-627)139303588</subfield>
   <subfield code="0">(DE-576)162821859</subfield>
   <subfield code="a">Runge, Philipp Otto</subfield>
   <subfield code="d">1777-1810</subfield>
   <subfield code="2">gnd</subfield>
  </datafield>
  <datafield tag="689" ind1="0" ind2="1">
   <subfield code="d">p</subfield>
   <subfield code="0">(DE-588)118512579</subfield>
   <subfield code="0">(DE-627)135631068</subfield>
   <subfield code="0">(DE-576)208870415</subfield>
   <subfield code="a">Böhme, Jakob</subfield>
   <subfield code="d">1575-1624</subfield>
   <subfield code="2">gnd</subfield>
  </datafield>
  <datafield tag="689" ind1="0" ind2=" ">
   <subfield code="5">(DE-627)</subfield>
  </datafield>
  <datafield tag="689" ind1="1" ind2="0">
   <subfield code="d">u</subfield>
   <subfield code="0">(DE-588)4430700-7</subfield>
   <subfield code="0">(DE-627)221404597</subfield>
   <subfield code="0">(DE-576)212372882</subfield>
   <subfield code="a">Runge, Philipp Otto</subfield>
   <subfield code="d">1777-1810</subfield>
   <subfield code="t">Der kleine Morgen</subfield>
   <subfield code="2">gnd</subfield>
  </datafield>
  <datafield tag="689" ind1="1" ind2=" ">
   <subfield code="5">(DE-627)</subfield>
  </datafield>
  <datafield tag="689" ind1="2" ind2="0">
   <subfield code="d">u</subfield>
   <subfield code="0">(DE-588)4430698-2</subfield>
   <subfield code="0">(DE-627)221404570</subfield>
   <subfield code="0">(DE-576)212372866</subfield>
   <subfield code="a">Runge, Philipp Otto</subfield>
   <subfield code="d">1777-1810</subfield>
   <subfield code="t">Quelle und Dichter</subfield>
   <subfield code="2">gnd</subfield>
  </datafield>
  <datafield tag="689" ind1="2" ind2=" ">
   <subfield code="5">(DE-627)</subfield>
  </datafield>
  <datafield tag="689" ind1="3" ind2="0">
   <subfield code="d">u</subfield>
   <subfield code="0">(DE-588)4430700-7</subfield>
   <subfield code="0">(DE-627)221404597</subfield>
   <subfield code="0">(DE-576)212372882</subfield>
   <subfield code="a">Runge, Philipp Otto</subfield>
   <subfield code="d">1777-1810</subfield>
   <subfield code="t">Der kleine Morgen</subfield>
   <subfield code="2">gnd</subfield>
  </datafield>
  <datafield tag="689" ind1="3" ind2="1">
   <subfield code="d">u</subfield>
   <subfield code="0">(DE-588)4430698-2</subfield>
   <subfield code="0">(DE-627)221404570</subfield>
   <subfield code="0">(DE-576)212372866</subfield>
   <subfield code="a">Runge, Philipp Otto</subfield>
   <subfield code="d">1777-1810</subfield>
   <subfield code="t">Quelle und Dichter</subfield>
   <subfield code="2">gnd</subfield>
  </datafield>
  <datafield tag="689" ind1="3" ind2="2">
   <subfield code="d">p</subfield>
   <subfield code="0">(DE-588)118512579</subfield>
   <subfield code="0">(DE-627)135631068</subfield>
   <subfield code="0">(DE-576)208870415</subfield>
   <subfield code="a">Böhme, Jakob</subfield>
   <subfield code="d">1575-1624</subfield>
   <subfield code="2">gnd</subfield>
  </datafield>
  <datafield tag="689" ind1="3" ind2=" ">
   <subfield code="5">(DE-627)</subfield>
  </datafield>
  <datafield tag="787" ind1="0" ind2="8">
   <subfield code="i">Rezenisiert in</subfield>
   <subfield code="a">Feilchenfeldt, Konrad, 1944 - </subfield>
   <subfield code="t">[Rezension von: Karl Möseneder, Philipp Otto Runge und Jakob Böhme. Über Runges &quot;Quelle und Dichter&quot; und den &quot;Kleinen Morgen&quot;]</subfield>
   <subfield code="d">1982</subfield>
   <subfield code="w">(DE-627)1852594438</subfield>
  </datafield>
  <datafield tag="830" ind1=" " ind2="0">
   <subfield code="a">Marburger Ostforschungen</subfield>
   <subfield code="v">38</subfield>
   <subfield code="9">38</subfield>
   <subfield code="w">(DE-627)13010955X</subfield>
   <subfield code="w">(DE-576)000218197</subfield>
   <subfield code="w">(DE-600)503620-3</subfield>
   <subfield code="x">0542-6537</subfield>
   <subfield code="7">ns</subfield>
  </datafield>
  <datafield tag="889" ind1=" " ind2=" ">
   <subfield code="w">(DE-576)361190026</subfield>
  </datafield>
  <datafield tag="889" ind1=" " ind2=" ">
   <subfield code="w">(DE-627)424313057</subfield>
  </datafield>
  <datafield tag="889" ind1=" " ind2=" ">
   <subfield code="w">(DE-627)023817429</subfield>
  </datafield>
  <datafield tag="935" ind1=" " ind2=" ">
   <subfield code="i">Blocktest</subfield>
  </datafield>
  <datafield tag="935" ind1=" " ind2=" ">
   <subfield code="i">mdedup</subfield>
  </datafield>
  <datafield tag="936" ind1="r" ind2="v">
   <subfield code="a">LI 76850</subfield>
   <subfield code="b">Runge, Philipp Otto</subfield>
   <subfield code="k">Kunstgeschichte</subfield>
   <subfield code="k">Künstler-Monografien</subfield>
   <subfield code="k">Alphabetische Künstlerliste</subfield>
   <subfield code="k">Künstler R</subfield>
   <subfield code="k">Runge, Philipp Otto</subfield>
   <subfield code="0">(DE-627)1271139588</subfield>
   <subfield code="0">(DE-625)rvk/97001:</subfield>
   <subfield code="0">(DE-576)201139588</subfield>
  </datafield>
  <datafield tag="936" ind1="b" ind2="k">
   <subfield code="a">20.21</subfield>
   <subfield code="j">Religion</subfield>
   <subfield code="j">Magie</subfield>
   <subfield code="x">Ikonographie</subfield>
   <subfield code="0">(DE-627)106406353</subfield>
  </datafield>
  <datafield tag="936" ind1="b" ind2="k">
   <subfield code="a">20.31</subfield>
   <subfield code="j">Bildende Künstler</subfield>
   <subfield code="0">(DE-627)181571080</subfield>
  </datafield>
  <datafield tag="951" ind1=" " ind2=" ">
   <subfield code="a">BO</subfield>
  </datafield>
  <datafield tag="990" ind1=" " ind2=" ">
   <subfield code="a">Runge, Philipp Otto</subfield>
  </datafield>
  <datafield tag="990" ind1=" " ind2=" ">
   <subfield code="a">Böhme, Jakob</subfield>
  </datafield>
  <datafield tag="990" ind1=" " ind2=" ">
   <subfield code="a">Runge, Philipp Otto / Der kleine Morgen</subfield>
  </datafield>
  <datafield tag="990" ind1=" " ind2=" ">
   <subfield code="a">Runge, Philipp Otto / Quelle und Dichter</subfield>
  </datafield>
  <datafield tag="990" ind1=" " ind2=" ">
   <subfield code="a">Runge, Philipp Otto / Der kleine Morgen</subfield>
  </datafield>
  <datafield tag="990" ind1=" " ind2=" ">
   <subfield code="a">Runge, Philipp Otto / Quelle und Dichter</subfield>
  </datafield>
  <datafield tag="990" ind1=" " ind2=" ">
   <subfield code="a">Böhme, Jakob</subfield>
  </datafield>
  <datafield tag="991" ind1=" " ind2=" ">
   <subfield code="a">Rezensiertes Werk</subfield>
  </datafield>
  <datafield tag="999" ind1=" " ind2=" ">
   <subfield code="a">KXP-PPN1106840879</subfield>
   <subfield code="e">4370405637</subfield>
  </datafield>
 </record>
</collection>
